[Event "SLO-chT1 West"]
[Site "Slovenia"]
[Date "2022.10.21"]
[Round "7.4"]
[White "Janko, Roman"]
[Black "Bradac, Simon"]
[Result "0-1"]
[WhiteElo "1853"]
[BlackElo "1806"]
[PlyCount "72"]
[EventDate "2022.10.07"]
[EventType "team-tourn"]
[EventRounds "9"]
[EventCountry "SLO"]
[SourceTitle "EXT 2024"]
[Source "ChessBase"]
[SourceDate "2023.10.10"]
[SourceVersion "1"]
[SourceVersionDate "2023.10.10"]
[SourceQuality "1"]
[WhiteTeam "Dolenjske Toplice"]
[BlackTeam "Ilirska Bistrica Rimex"]
[WhiteTeamCountry "SLO"]
[BlackTeamCountry "SLO"]

1. e4 e6 2. d4 d5 3. exd5 exd5 4. c4 Nf6 5. Nf3 Bg4 6. Be3 Nc6 7. Nc3 Qd7 8. Be2 Bxf3 9. Bxf3 dxc4 10. Qa4 Nb4 11. 0-0 Qxa4 12. Nxa4 0-0-0 13. Rfd1 Nfd5 14. Bxd5 Nxd5 15. Rac1 Bd6 16. Nc3 c6 17. Nxd5 cxd5 18. g3 Rhe8 19. h4 Bxg3 20. Bg5 f6 21. fxg3 fxg5 22. hxg5 Re4 23. b3 b5 24. a4 Re3 25. bxc4 bxc4 26. Kf2 Ra3 27. Re1 Rxa4 28. Rb1 c3 29. Rbc1 Rxd4 30. Rxc3+ Rc4 31. Ra3 Rc7 32. Rea1 Rdd7 33. Ke3 Kd8 34. Kd4 Rc4+ 35. Ke5 Re4+ 36. Kf5 Rf7# 0-1

[Event "SLO-chT2 West"]
[Site "Komenda"]
[Date "2021.11.28"]
[Round "3.3"]
[White "Krivec, Metod"]
[Black "Janko, Roman"]
[Result "0-1"]
[WhiteElo "1760"]
[BlackElo "1833"]
[PlyCount "94"]
[EventDate "2021.11.27"]
[EventType "team-tourn"]
[EventRounds "7"]
[EventCountry "SLO"]
[SourceTitle "EXT 2024"]
[Source "ChessBase"]
[SourceDate "2023.10.10"]
[SourceVersion "1"]
[SourceVersionDate "2023.10.10"]
[SourceQuality "1"]
[WhiteTeam "Radovljica"]
[BlackTeam "Dolenjske Toplice"]
[WhiteTeamCountry "SLO"]
[BlackTeamCountry "SLO"]

1. d4 d5 2. c4 dxc4 3. Nc3 e5 4. dxe5 Qxd1+ 5. Nxd1 Nc6 6. Bf4 Bf5 7. f3 0-0-0 8. e4 Be6 9. a3 Nd4 10. Rc1 b5 11. Ne2 Nb3 12. Rc2 Ne7 13. Be3 a6 14. f4 g6 15. g3 Bg4 16. Bg2 Nc6 17. Nf2 Bxe2 18. Rxe2 Ncd4 19. Bxd4 Nxd4 20. Rd2 Bc5 21. Rd1 Nc2+ 22. Ke2 Nd4+ 23. Ke1 h5 24. h4 a5 25. Rc1 Nb3 26. Rc2 Kb8 27. Nd1 Rd3 28. Nc3 c6 29. e6 fxe6 30. e5 Kc7 31. Ne4 Rhd8 32. Nxc5 Nxc5 33. Rh3 Kb6 34. a4 Nxa4 35. Be4 Re3+ 36. Re2 Rxe2+ 37. Kxe2 Nxb2 38. Bxg6 a4 39. g4 hxg4 40. Rh1 Nd3 41. Ke3 a3 42. h5 b4 43. h6 a2 44. h7 b3 45. Bf7 Rh8 46. Bxe6 b2 47. Bxc4 b1Q 0-1

[Event "Oskarja Memorial 10th"]
[Site "Chess.com INT"]
[Date "2021.01.16"]
[Round "10"]
[White "Baljak, Jadranko"]
[Black "Janko, Roman"]
[Result "1-0"]
[WhiteElo "1731"]
[BlackElo "1855"]
[PlyCount "133"]
[EventDate "2021.01.16"]
[EventType "swiss (blitz)"]
[EventRounds "15"]
[EventCountry "SLO"]
[SourceTitle "CBM 200 Extra"]
[Source "ChessBase"]
[SourceDate "2021.03.31"]
[SourceVersion "1"]
[SourceVersionDate "2021.03.31"]
[SourceQuality "1"]

1. c4 e5 2. Nc3 f5 3. g3 Nf6 4. Bg2 c6 5. e3 d6 6. d4 Be7 7. b3 0-0 8. Nge2 Be6 9. 0-0 Nbd7 10. Ba3 Bf7 11. Rb1 a6 12. Qd2 Bg6 13. Rfd1 Qe8 14. dxe5 dxe5 15. Bxe7 Qxe7 16. Qd6 Rae8 17. Qxe7 Rxe7 18. Rd6 f4 19. Rbd1 fxe3 20. fxe3 Nc5 21. Rd8 Rxd8 22. Rxd8+ Kf7 23. b4 Ne6 24. Rd2 Ng5 25. h3 Be4 26. h4 Nf3+ 27. Bxf3 Bxf3 28. Kf2 e4 29. Nf4 Ng4+ 30. Kg1 Nxe3 31. c5 h6 32. Na4 g5 33. hxg5 hxg5 34. Ne2 Nc4 35. Rc2 Ne5 36. Nd4 g4 37. Nf5 Rd7 38. Nb6 Rd1+ 39. Kf2 Nd3+ 40. Ke3 Re1+ 41. Kd4 Nxb4 42. Rh2 Nd5 43. Nc8 Kg6 44. Ke5 Rh1 45. Rxh1 Bxh1 46. Kd4 e3 47. Kd3 Bf3 48. Nfe7+ Nxe7 49. Nxe7+ Kf6 50. Ng8+ Kf7 51. Nh6+ Kg6 52. Ng8 Kf7 53. Nh6+ Kg6 54. Ng8 e2 55. Kd2 Bd5 56. Ne7+ Kf6 57. Nc8 Bc4 58. Nd6 Ke5 59. Nxc4+ Ke4 60. Kxe2 Kd4 61. Nd6 Kxc5 62. Nxb7+ Kb4 63. Nd8 Ka3 64. Kd3 Kxa2 65. Kc3 a5 66. Nxc6 a4 67. Nb4+ 1-0

[Event "Oskarja Memorial 10th"]
[Site "Chess.com INT"]
[Date "2021.01.16"]
[Round "3"]
[White "Skuhala, Barbara"]
[Black "Janko, Roman"]
[Result "1-0"]
[WhiteElo "2156"]
[BlackElo "1855"]
[PlyCount "103"]
[EventDate "2021.01.16"]
[EventType "swiss (blitz)"]
[EventRounds "15"]
[EventCountry "SLO"]
[SourceTitle "CBM 200 Extra"]
[Source "ChessBase"]
[SourceDate "2021.03.31"]
[SourceVersion "1"]
[SourceVersionDate "2021.03.31"]
[SourceQuality "1"]

1. e4 c5 2. Nf3 Nc6 3. g3 e6 4. Bg2 d5 5. exd5 exd5 6. 0-0 Be6 7. d4 c4 8. c3 Be7 9. b3 b5 10. Re1 Nf6 11. Ng5 Bf5 12. a4 cxb3 13. axb5 Na5 14. Ba3 Ng8 15. Qe2 Nc4 16. Bc5 h6 17. Nf3 Bxb1 18. Raxb1 Kf8 19. Bxe7+ Nxe7 20. Ne5 Nxe5 21. dxe5 Rb8 22. Rxb3 g6 23. Rbb1 Kg7 24. f4 d4 25. cxd4 Qxd4+ 26. Kh1 Nf5 27. Red1 Qe3 28. Qxe3 Nxe3 29. Rd7 Nxg2 30. Kxg2 Ra8 31. e6 Rhf8 32. Ra1 Rab8 33. Ra5 Rb6 34. e7 Re8 35. Rdxa7 Re6 36. R5a6 R6xe7 37. Rxe7 Rxe7 38. Rb6 Rc7 39. Kh3 Rc2 40. Rb8 Rb2 41. g4 g5 42. fxg5 hxg5 43. Kg3 Rb3+ 44. Kg2 Rb4 45. Kf3 Rb3+ 46. Ke4 Kf6 47. b6 Rb4+ 48. Kd5 Rb5+ 49. Kc6 Rb4 50. Rd8 Rxg4 51. Rd5 Rg2 52. Rb5 1-0

[Event "SLO-chT2 West"]
[Site "Komenda"]
[Date "2019.11.30"]
[Round "7.3"]
[White "Perme, Martin"]
[Black "Janko, Roman"]
[Result "0-1"]
[WhiteElo "1489"]
[BlackElo "1859"]
[PlyCount "40"]
[EventDate "2019.11.15"]
[EventType "team-tourn"]
[EventRounds "9"]
[EventCountry "SLO"]
[SourceTitle "EXT 2024"]
[Source "ChessBase"]
[SourceDate "2023.10.10"]
[SourceVersion "1"]
[SourceVersionDate "2023.10.10"]
[SourceQuality "1"]
[WhiteTeam "Komenda SK"]
[BlackTeam "Dolenjske Toplice"]
[WhiteTeamCountry "SLO"]
[BlackTeamCountry "SLO"]

1. e4 c5 2. Nf3 Nc6 3. d4 cxd4 4. Nxd4 e5 5. Nb5 d6 6. N1c3 a6 7. Na3 Be6 8. Be3 Nf6 9. f3 d5 10. exd5 Nxd5 11. Nxd5 Qxd5 12. Qxd5 Bxd5 13. 0-0-0 Bxa2 14. Nc4 Bxc4 15. Bxc4 Be7 16. Rd2 Rd8 17. Rhd1 Rxd2 18. Rxd2 h6 19. Bb6 Bg5 20. Bd5 Bxd2+ 0-1

[Event "SLO-chT2 West"]
[Site "Komenda"]
[Date "2019.11.16"]
[Round "2.4"]
[White "Janko, Roman"]
[Black "Bizjak, Janez"]
[Result "1-0"]
[WhiteElo "1859"]
[BlackElo "1798"]
[PlyCount "57"]
[EventDate "2019.11.15"]
[EventType "team-tourn"]
[EventRounds "9"]
[EventCountry "SLO"]
[SourceTitle "EXT 2024"]
[Source "ChessBase"]
[SourceDate "2023.10.10"]
[SourceVersion "1"]
[SourceVersionDate "2023.10.10"]
[SourceQuality "1"]
[WhiteTeam "Dolenjske Toplice"]
[BlackTeam "Domzale Tajfun II"]
[WhiteTeamCountry "SLO"]
[BlackTeamCountry "SLO"]

1. e4 g6 2. d4 Bg7 3. c3 e6 4. Be3 Ne7 5. Qd2 0-0 6. Nf3 f6 7. Bh6 b6 8. Bd3 d6 9. 0-0 e5 10. Na3 Kh8 11. h3 Ng8 12. Bxg7+ Kxg7 13. Rfe1 Ba6 14. Rad1 Bxd3 15. Qxd3 Nd7 16. Qc4 a6 17. Nc2 b5 18. Qb3 Qe7 19. Nb4 Nb8 20. a4 Qf7 21. Qxf7+ Rxf7 22. dxe5 fxe5 23. Ng5 Rd7 24. Nd5 Ra7 25. Ra1 Rb7 26. axb5 axb5 27. Ra8 Nf6 28. Ne6+ Kh6 29. Nxf6 1-0

[Event "SLO-chT2 West"]
[Site "Komenda"]
[Date "2019.11.15"]
[Round "1.4"]
[White "Rojs, Igor"]
[Black "Janko, Roman"]
[Result "1-0"]
[WhiteElo "1995"]
[BlackElo "1859"]
[PlyCount "165"]
[EventDate "2019.11.15"]
[EventType "team-tourn"]
[EventRounds "9"]
[EventCountry "SLO"]
[SourceTitle "EXT 2024"]
[Source "ChessBase"]
[SourceDate "2023.10.10"]
[SourceVersion "1"]
[SourceVersionDate "2023.10.10"]
[SourceQuality "1"]
[WhiteTeam "Trzin"]
[BlackTeam "Dolenjske Toplice"]
[WhiteTeamCountry "SLO"]
[BlackTeamCountry "SLO"]

1. d4 d5 2. Nf3 Nf6 3. Bf4 Bf5 4. e3 e6 5. c4 c6 6. Nc3 Bd6 7. Qb3 b6 8. Bg3 0-0 9. Be2 Ne4 10. Nxe4 Bxe4 11. 0-0 Bxg3 12. hxg3 Nd7 13. Rac1 c5 14. Rfd1 Qe7 15. Nd2 dxc4 16. Bxc4 Bb7 17. Nf3 Bxf3 18. gxf3 cxd4 19. Rxd4 Nc5 20. Qb5 Qb7 21. Kg2 a6 22. Qb4 Rfd8 23. Rcd1 Qc7 24. Qd2 Rxd4 25. Qxd4 b5 26. Bd3 Nxd3 27. Rxd3 g6 28. Qd6 Qxd6 29. Rxd6 a5 30. Rb6 b4 31. Rb5 Kf8 32. g4 h6 33. f4 Ke8 34. g5 h5 35. b3 Ra7 36. e4 Kd7 37. f5 Kc6 38. Rb8 exf5 39. exf5 gxf5 40. Kg3 Kd6 41. Kf4 h4 42. Kxf5 Ke7 43. Rh8 Rc7 44. Rxh4 Rc5+ 45. Ke4 Rxg5 46. Kd4 Rf5 47. Re4+ Kd6 48. f4 f6 49. Ke3 Rh5 50. Rd4+ Ke6 51. Rd2 Rh3+ 52. Ke2 Rh2+ 53. Kd3 Rh3+ 54. Kd4 Rf3 55. Ke4 Rc3 56. f5+ Ke7 57. Rd5 a4 58. bxa4 Ra3 59. Ra5 Rxa2 60. Kd4 Rf2 61. Kc4 Rf4+ 62. Kb3 Kd7 63. Rd5+ Kc6 64. Ra5 Kb6 65. Rb5+ Ka6 66. Rd5 Kb7 67. Rb5+ Kc6 68. Ra5 Kb6 69. Rd5 Kc6 70. Rb5 Kc7 71. a5 Kc6 72. Rb6+ Kc5 73. Rxf6 Rf3+ 74. Kb2 Ra3 75. a6 Kd5 76. Rb6 Kc5 77. Rg6 Kd5 78. Re6 Rh3 79. a7 Rh8 80. Re7 Kd6 81. f6 Kc6 82. f7 Kb5 83. Re8 1-0

[Event "Otocec Krka Terme op"]
[Site "Otocec"]
[Date "2018.12.26"]
[Round "5"]
[White "Cebron, Asja"]
[Black "Janko, Roman"]
[Result "0-1"]
[WhiteElo "1460"]
[BlackElo "1876"]
[PlyCount "72"]
[EventDate "2018.12.25"]
[EventType "swiss"]
[EventRounds "9"]
[EventCountry "SLO"]
[SourceTitle "EXT 2020"]
[Source "ChessBase"]
[SourceDate "2019.10.17"]
[SourceVersion "1"]
[SourceVersionDate "2019.10.17"]
[SourceQuality "1"]

1. e4 c5 2. c3 e6 3. d4 d5 4. e5 Nc6 5. Nf3 Qb6 6. Be2 Nge7 7. dxc5 Qxc5 8. Be3 Qa5 9. Nbd2 Ng6 10. Bd4 Qc7 11. Bb5 Bd7 12. Bxc6 bxc6 13. c4 c5 14. Be3 d4 15. Bg5 h6 16. Bh4 Nxh4 17. Nxh4 Qxe5+ 18. Qe2 Qxe2+ 19. Kxe2 Rb8 20. b3 Bc6 21. Nhf3 Bd6 22. Rhd1 0-0 23. h3 e5 24. Nf1 f5 25. Ke1 e4 26. N3d2 f4 27. f3 e3 28. Ne4 Bxe4 29. fxe4 f3 30. gxf3 Rxf3 31. h4 Rbf8 32. Ke2 Rf2+ 33. Ke1 Rxf1+ 34. Ke2 Rxd1 35. Rxd1 Rf2+ 36. Ke1 Rh2 0-1

[Event "SLO-chT2 West"]
[Site "Komenda"]
[Date "2018.11.25"]
[Round "7.3"]
[White "Janko, Roman"]
[Black "Prestrl, Jozef"]
[Result "1-0"]
[WhiteElo "1869"]
[BlackElo "1877"]
[PlyCount "107"]
[EventDate "2018.11.10"]
[EventType "team-tourn"]
[EventRounds "7"]
[EventCountry "SLO"]
[SourceTitle "EXT 2020"]
[Source "ChessBase"]
[SourceDate "2019.10.17"]
[SourceVersion "1"]
[SourceVersionDate "2019.10.17"]
[SourceQuality "1"]
[WhiteTeam "Dolenjske Toplice"]
[BlackTeam "Radovljica"]
[WhiteTeamCountry "SLO"]
[BlackTeamCountry "SLO"]

1. e4 c6 2. d4 d5 3. e5 Bf5 4. g4 Bc8 5. c3 Qb6 6. Bd3 g6 7. f4 e6 8. Nf3 c5 9. Qb3 Bd7 10. Be3 c4 11. Qxb6 axb6 12. Bc2 b5 13. Nbd2 b4 14. 0-0 Nh6 15. h3 Nc6 16. Kg2 Kd8 17. Kg3 Kc7 18. Nh4 Be7 19. f5 Bxh4+ 20. Kxh4 Ng8 21. fxe6 Bxe6 22. Nf3 h5 23. Kg3 hxg4 24. hxg4 Nh6 25. Bxh6 Rxh6 26. Ng5 Rah8 27. Rf2 bxc3 28. bxc3 Nd8 29. a4 Rh1 30. Rxh1 Rxh1 31. Nxe6+ fxe6 32. Bxg6 Kd7 33. Bc2 Ke7 34. g5 Rh8 35. g6 Rf8 36. Rh2 Rf1 37. Kg4 Rg1+ 38. Kh5 Kf8 39. Kh6 Kg8 40. Rf2 Rh1+ 41. Kg5 Kg7 42. a5 Rh3 43. Kg4 Rh1 44. Kg3 Rh8 45. Rf1 Rf8 46. Rxf8 Kxf8 47. Kg4 Kg7 48. Kg5 Nc6 49. Ba4 Nxa5 50. Bd7 Nb3 51. Bxe6 Nxd4 52. cxd4 c3 53. Bf5 b5 54. e6 1-0

[Event "SLO-chT2 West"]
[Site "Komenda"]
[Date "2018.11.11"]
[Round "4.4"]
[White "Leben, Dusan"]
[Black "Janko, Roman"]
[Result "0-1"]
[WhiteElo "1857"]
[BlackElo "1869"]
[PlyCount "96"]
[EventDate "2018.11.10"]
[EventType "team-tourn"]
[EventRounds "7"]
[EventCountry "SLO"]
[SourceTitle "EXT 2020"]
[Source "ChessBase"]
[SourceDate "2019.10.17"]
[SourceVersion "1"]
[SourceVersionDate "2019.10.17"]
[SourceQuality "1"]
[WhiteTeam "Trzin"]
[BlackTeam "Dolenjske Toplice"]
[WhiteTeamCountry "SLO"]
[BlackTeamCountry "SLO"]

1. e4 c5 2. Nf3 Nc6 3. d4 cxd4 4. Nxd4 e5 5. Nb3 Nf6 6. Nc3 Bb4 7. Bd3 d5 8. exd5 Qxd5 9. 0-0 Bxc3 10. bxc3 0-0 11. Bg5 e4 12. Bxf6 exd3 13. Bd4 dxc2 14. Qxc2 Bf5 15. Qb2 h5 16. c4 Qxc4 17. Bxg7 Rfe8 18. Bh6 Qg4 19. Qf6 Re6 20. Qg5+ Rg6 21. Qxg4 Bxg4 22. Bf4 h4 23. g3 hxg3 24. fxg3 Re8 25. Rfe1 Rge6 26. Rxe6 Rxe6 27. Bd2 Ne5 28. Nd4 Rd6 29. Bc3 Rxd4 30. Bxd4 Nf3+ 31. Kf2 Nxd4 32. Rb1 Bc8 33. Rb4 Nc6 34. Ra4 b5 35. Ra3 a5 36. Rc3 Bd7 37. Rc5 Nb4 38. Rc7 Be6 39. a3 Nd3+ 40. Ke3 Nb2 41. Rc1 Nc4+ 42. Kd4 Nxa3 43. Kc5 b4 44. Kd4 b3 45. Kc3 Nb5+ 46. Kb2 a4 47. Rc5 a3+ 48. Kb1 Nd4 0-1

[Event "SLO-chT2 West"]
[Site "Komenda"]
[Date "2018.11.10"]
[Round "2.4"]
[White "More, Erlend"]
[Black "Janko, Roman"]
[Result "0-1"]
[WhiteElo "1579"]
[BlackElo "1869"]
[PlyCount "62"]
[EventDate "2018.11.10"]
[EventType "team-tourn"]
[EventRounds "7"]
[EventCountry "SLO"]
[SourceTitle "EXT 2020"]
[Source "ChessBase"]
[SourceDate "2019.10.17"]
[SourceVersion "1"]
[SourceVersionDate "2019.10.17"]
[SourceQuality "1"]
[WhiteTeam "Komenda SK II"]
[BlackTeam "Dolenjske Toplice"]
[WhiteTeamCountry "SLO"]
[BlackTeamCountry "SLO"]

1. d4 d5 2. c4 dxc4 3. Nc3 e5 4. d5 f5 5. e4 Nf6 6. exf5 Bxf5 7. Bxc4 Bd6 8. Nf3 0-0 9. 0-0 a6 10. a3 Nbd7 11. b4 b5 12. Bb3 Bg4 13. h3 Bh5 14. Qd3 Qe7 15. Ng5 Bg6 16. Qe2 h6 17. Ne6 Rf7 18. Be3 Nf8 19. Nxf8 Raxf8 20. Bc2 e4 21. Bd4 Re8 22. Rfe1 Be5 23. Qd2 Qd6 24. Bxe5 Rxe5 25. Rad1 Rfe7 26. Re3 Kh8 27. f4 exf3 28. Rxe5 Rxe5 29. Bxg6 Rg5 30. Qxg5 hxg5 31. Re1 Qg3 0-1

[Event "SLO-chT2 West"]
[Site "Komenda"]
[Date "2017.11.26"]
[Round "7.4"]
[White "Krivec, Metod"]
[Black "Janko, Roman"]
[Result "1/2-1/2"]
[WhiteElo "1755"]
[BlackElo "1895"]
[PlyCount "99"]
[EventDate "2017.11.11"]
[EventType "team-tourn"]
[EventRounds "7"]
[EventCountry "SLO"]
[SourceTitle "EXT 2019"]
[Source "ChessBase"]
[SourceDate "2018.10.10"]
[SourceVersion "1"]
[SourceVersionDate "2018.10.10"]
[SourceQuality "1"]
[WhiteTeam "Radovljica"]
[BlackTeam "Dolenjske Toplice"]
[WhiteTeamCountry "SLO"]
[BlackTeamCountry "SLO"]

1. d4 d5 2. c4 dxc4 3. Nf3 Nf6 4. Nc3 c6 5. e3 Be6 6. a4 Qa5 7. Bd2 Qf5 8. Ne5 Ng4 9. Qxg4 Qxg4 10. Nxg4 Bxg4 11. Bxc4 e6 12. 0-0 Nd7 13. h3 Bh5 14. Rac1 Nb6 15. Bb3 Bb4 16. Ne4 Bxd2 17. Nxd2 Nd7 18. Ne4 Ke7 19. Nc5 Nxc5 20. Rxc5 Bg6 21. Rfc1 Rhd8 22. Kf1 f6 23. Ke2 Rd7 24. f4 Be4 25. g3 g6 26. Bc2 Bxc2 27. R1xc2 Rd5 28. R5c3 h5 29. h4 e5 30. dxe5 fxe5 31. Kf3 Kf6 32. Rc4 Rad8 33. Ke4 Re8 34. Kf3 exf4 35. gxf4 Rd3 36. Re4 Rxe4 37. Kxe4 Rb3 38. Rd2 Ke6 39. Rg2 Rb4+ 40. Kd3 Kf6 41. e4 Rxa4 42. Ke3 Rb4 43. e5+ Kf7 44. Rd2 a5 45. Rd7+ Kf8 46. Rd6 Kg7 47. Rd7+ Kf8 48. Rd6 Kg7 49. Rd7+ Kf8 50. Rd6 1/2-1/2

[Event "SLO-chT2 West"]
[Site "Komenda"]
[Date "2017.11.11"]
[Round "1.4"]
[White "Janko, Roman"]
[Black "Pavlin, Ivan"]
[Result "0-1"]
[WhiteElo "1895"]
[BlackElo "1833"]
[PlyCount "104"]
[EventDate "2017.11.11"]
[EventType "team-tourn"]
[EventRounds "7"]
[EventCountry "SLO"]
[SourceTitle "EXT 2019"]
[Source "ChessBase"]
[SourceDate "2018.10.10"]
[SourceVersion "1"]
[SourceVersionDate "2018.10.10"]
[SourceQuality "1"]
[WhiteTeam "Dolenjske Toplice"]
[BlackTeam "Jesenice"]
[WhiteTeamCountry "SLO"]
[BlackTeamCountry "SLO"]

1. e4 c5 2. Nc3 e6 3. Bc4 a6 4. a4 Nc6 5. d3 Nf6 6. Bg5 Be7 7. Nf3 d6 8. 0-0 0-0 9. Qd2 Qc7 10. h3 Rd8 11. Rfe1 Bd7 12. Ba2 Rac8 13. Nd1 Nd4 14. Nh2 Bxa4 15. Bxe6 Nxe6 16. Bxf6 Bxf6 17. Rxa4 Bg5 18. Ne3 Qc6 19. Rea1 Nd4 20. Nhf1 Qd7 21. Qd1 g6 22. Nd5 Qe6 23. c3 Nc6 24. f4 Bh6 25. Nfe3 Ne7 26. Nxe7+ Qxe7 27. Qf3 Bg7 28. Rf1 f6 29. Nd5 Qf7 30. f5 g5 31. c4 Rb8 32. b3 Bf8 33. h4 Bh6 34. g3 Kh8 35. h5 g4 36. Qxg4 Rg8 37. Qf3 Rg5 38. Kf2 Rbg8 39. Nf4 Rxg3 40. Ng6+ R8xg6 41. fxg6 Rxf3+ 42. Kxf3 hxg6 43. hxg6 Qxg6 44. Ra2 Qh5+ 45. Kg3 Qg5+ 46. Kh2 Qh4+ 47. Kg2 Qg4+ 48. Kf2 Bg5 49. Rh1+ Kg7 50. Re2 Bh4+ 51. Ke3 Qg5+ 52. Kf3 Qg3# 0-1

[Event "SLO-chT2 West"]
[Site "Komenda"]
[Date "2016.11.26"]
[Round "6.4"]
[White "Skrbec, Leon"]
[Black "Janko, Roman"]
[Result "0-1"]
[WhiteElo "1505"]
[BlackElo "1862"]
[PlyCount "88"]
[EventDate "2016.11.11"]
[EventType "team-tourn"]
[EventRounds "9"]
[EventCountry "SLO"]
[SourceTitle "EXT 2019"]
[Source "ChessBase"]
[SourceDate "2018.10.10"]
[SourceVersion "1"]
[SourceVersionDate "2018.10.10"]
[SourceQuality "1"]
[WhiteTeam "Postojna"]
[BlackTeam "Dolenjske Toplice"]
[WhiteTeamCountry "SLO"]
[BlackTeamCountry "SLO"]

1. Nf3 d5 2. d4 Nf6 3. Bf4 e6 4. e3 c5 5. c3 Nc6 6. Nbd2 Be7 7. Bd3 0-0 8. 0-0 Nh5 9. Bg3 Nxg3 10. hxg3 Qc7 11. Qb1 g6 12. g4 e5 13. dxe5 Bxg4 14. e4 Nxe5 15. Nxe5 Qxe5 16. f4 Qh5 17. e5 c4 18. Bc2 Bc5+ 19. Rf2 f6 20. e6 Bxe6 21. Qe1 Rae8 22. Bd1 Bg4 23. Qf1 Bxd1 24. Rxd1 Re2 25. Nf3 Rxf2 26. Qxf2 Bxf2+ 27. Kxf2 Re8 28. Rd4 Re4 29. Rxe4 dxe4 30. Nd2 Qd5 31. Ke1 Qd3 32. g4 Qe3+ 33. Kd1 Qxf4 34. Nxc4 e3 35. Nxe3 Qxe3 36. g5 fxg5 37. a3 g4 38. Kc2 g3 39. a4 g2 40. b4 g1R 41. a5 Qe2+ 42. Kb3 Rb1+ 43. Ka4 Qc4 44. Ka3 Qb3# 0-1

[Event "SLO-chT2 West"]
[Site "Komenda"]
[Date "2016.11.11"]
[Round "1.4"]
[White "Janko, Roman"]
[Black "Vertacnik, Viktor"]
[Result "1-0"]
[WhiteElo "1862"]
[BlackElo "1570"]
[PlyCount "73"]
[EventDate "2016.11.11"]
[EventType "team-tourn"]
[EventRounds "9"]
[EventCountry "SLO"]
[SourceTitle "EXT 2019"]
[Source "ChessBase"]
[SourceDate "2018.10.10"]
[SourceVersion "1"]
[SourceVersionDate "2018.10.10"]
[SourceQuality "1"]
[WhiteTeam "Dolenjske Toplice"]
[BlackTeam "Ljubljana Karel Jeraj"]
[WhiteTeamCountry "SLO"]
[BlackTeamCountry "SLO"]

1. e4 e5 2. Bc4 Nf6 3. Nc3 Bc5 4. d3 c6 5. Bg5 d6 6. Nf3 Nbd7 7. a4 Nf8 8. d4 exd4 9. Nxd4 Ng6 10. 0-0 h6 11. Be3 Ng4 12. Qd2 Nxe3 13. Qxe3 0-0 14. Rab1 a6 15. b4 Ba7 16. b5 Ne5 17. Be2 axb5 18. axb5 Bc5 19. Qd2 cxb5 20. Ndxb5 Qf6 21. Nd5 Qh4 22. Bd3 Bh3 23. Qf4 Qxf4 24. Nxf4 Nxd3 25. cxd3 Bd7 26. Nc7 Rac8 27. Ncd5 Rb8 28. Rfd1 Bd4 29. Ne2 Bg4 30. Nxd4 Bxd1 31. Rxd1 Kh7 32. Nb6 Rfe8 33. f4 Rbd8 34. Rc1 Re7 35. Kf2 f6 36. f5 Re5 37. Rc7 1-0

[Event "Otocec Krka Terme op"]
[Site "Otocec"]
[Date "2016.10.23"]
[Round "5"]
[White "Janko, Roman"]
[Black "Brilej, Jaka"]
[Result "0-1"]
[WhiteElo "1861"]
[BlackElo "1965"]
[PlyCount "94"]
[EventDate "2016.10.21"]
[EventType "swiss"]
[EventRounds "5"]
[EventCountry "SLO"]
[SourceTitle "EXT 2019"]
[Source "ChessBase"]
[SourceDate "2018.10.10"]
[SourceVersion "1"]
[SourceVersionDate "2018.10.10"]
[SourceQuality "1"]

1. e4 c5 2. Nc3 Nc6 3. f4 g6 4. Nf3 Bg7 5. Bc4 e6 6. 0-0 Nge7 7. Qe1 0-0 8. d3 d5 9. Bb3 Na5 10. exd5 Nxb3 11. axb3 exd5 12. Nh4 Nf5 13. Nxf5 Bxf5 14. Ne2 Re8 15. Qd2 Qd7 16. Kh1 b6 17. Ng3 Re7 18. c3 Rae8 19. h3 h5 20. Kh2 h4 21. Nxf5 Qxf5 22. Qf2 Bf6 23. Qf3 a5 24. Bd2 Kg7 25. Rae1 Rxe1 26. Rxe1 Rxe1 27. Bxe1 Qe6 28. Bf2 Qd7 29. Kg1 a4 30. bxa4 Qxa4 31. Qxd5 Qa1+ 32. Kh2 Qxb2 33. Be1 Bxc3 34. Bxh4 Qc1 35. Qf3 Bd4 36. Bf2 Bxf2 37. Qxf2 Qc3 38. Qe2 Qd4 39. g3 b5 40. h4 b4 41. h5 b3 42. hxg6 b2 43. Qe1 Kxg6 44. Kh3 Qxd3 45. f5+ Qxf5+ 46. g4 Qd3+ 47. Kh4 b1Q 0-1

[Event "Otocec Krka Terme op"]
[Site "Otocec"]
[Date "2016.10.22"]
[Round "2"]
[White "Janko, Roman"]
[Black "Pozun, Matej"]
[Result "1/2-1/2"]
[WhiteElo "1861"]
[BlackElo "2061"]
[PlyCount "106"]
[EventDate "2016.10.21"]
[EventType "swiss"]
[EventRounds "5"]
[EventCountry "SLO"]
[SourceTitle "EXT 2019"]
[Source "ChessBase"]
[SourceDate "2018.10.10"]
[SourceVersion "1"]
[SourceVersionDate "2018.10.10"]
[SourceQuality "1"]

1. e4 c5 2. Nc3 Nc6 3. f4 g6 4. Nf3 Bg7 5. Bc4 d6 6. 0-0 Bg4 7. Bxf7+ Kf8 8. Bc4 Nd4 9. Be2 Qd7 10. Kh1 Nh6 11. Nd5 Nxe2 12. Qxe2 Ke8 13. h3 Bxf3 14. Rxf3 Rf8 15. d3 e6 16. Ne3 Kf7 17. c3 Kg8 18. Bd2 d5 19. Nc2 Rad8 20. Be3 Qb5 21. Na3 Qc6 22. e5 Nf5 23. d4 cxd4 24. Bxd4 Nxd4 25. cxd4 Qa4 26. Qd2 Rc8 27. Rb3 b6 28. Rf1 Rc6 29. Kh2 Bh6 30. g3 Rfc8 31. Rff3 Qa6 32. Qd3 Qa5 33. Kg2 Bf8 34. Rf2 a6 35. g4 Qe1 36. Nc2 Qc1 37. Ne3 Kh8 38. f5 gxf5 39. gxf5 Bh6 40. Ng4 Rc2 41. Qxa6 Rxf2+ 42. Nxf2 Rg8+ 43. Rg3 Rxg3+ 44. Kxg3 Qf4+ 45. Kg2 Qxf5 46. Qc8+ Kg7 47. Qd7+ Kg8 48. Qe8+ Kg7 49. Qd7+ Kg6 50. Qb5 Qg5+ 51. Ng4 Qd2+ 52. Kf1 Qd1+ 53. Kg2 Qd2+ 1/2-1/2

[Event "SLO-chT2 West"]
[Site "Slovenia"]
[Date "2015.11.08"]
[Round "7"]
[White "Janko, Roman"]
[Black "Rolih, Miran"]
[Result "1-0"]
[WhiteElo "1873"]
[BlackElo "1954"]
[PlyCount "103"]
[EventDate "2015.10.17"]
[EventType "team-tourn"]
[EventRounds "7"]
[EventCountry "SLO"]
[SourceTitle "EXT 2019"]
[Source "ChessBase"]
[SourceDate "2018.10.10"]
[SourceVersion "1"]
[SourceVersionDate "2018.10.10"]
[SourceQuality "1"]
[WhiteTeam "Dolenjske Toplice"]
[BlackTeam "Ilirska Bistrica Rimex"]
[WhiteTeamCountry "SLO"]
[BlackTeamCountry "SLO"]

1. e4 c5 2. Nc3 g6 3. f4 Bg7 4. Bc4 Nc6 5. Nf3 e6 6. 0-0 Nge7 7. d3 0-0 8. Ne2 Qc7 9. c3 a6 10. a4 b6 11. Ng3 Bb7 12. Kh1 Rad8 13. Qe2 d5 14. Ba2 b5 15. f5 dxe4 16. dxe4 exf5 17. exf5 c4 18. Bg5 f6 19. Be3 Nd5 20. Bd2 Rfe8 21. Qf2 g5 22. Ne2 Bf8 23. Rfe1 Bd6 24. axb5 axb5 25. Ned4 Qb6 26. Rxe8+ Rxe8 27. Re1 Ne5 28. Bb1 h6 29. Qe2 Bc8 30. Nxe5 Bxe5 31. Qh5 Kf8 32. Qxh6+ Ke7 33. Bxg5 Kd7 34. Bd2 b4 35. Bc2 b3 36. Bd1 Bb7 37. Nf3 Qf2 38. Qh4 Qxh4 39. Nxh4 Rh8 40. Nf3 Bf4 41. Bxf4 Nxf4 42. Be2 Re8 43. Rd1+ Nd3 44. Bxd3 Bxf3 45. gxf3 cxd3 46. Rxd3+ Kc6 47. Rd2 Re5 48. Kg2 Rxf5 49. h4 Rh5 50. Kg3 f5 51. Rd4 f4+ 52. Rxf4 1-0